[Event "BL 2324 SV Mülheim Nord - HSK Lister Tu"]
[Site "?"]
[Date "2024.01.13"]
[Round "5.8"]
[White "Dinstuhl, Volkmar"]
[Black "Polster, Christian"]
[Result "1/2-1/2"]
[WhiteElo "2390"]
[BlackElo "2244"]
[PlyCount "62"]
[EventDate "2024.??.??"]

1. d4 Nf6 2. c4 e6 3. Nc3 Bb4 4. Nf3 b6 5. e3 Bb7 6. Bd3 Ne4 7. Qc2 f5 8. O-O Bxc3 9. bxc3 O-O 10. Ne1 c5 11. f3 Nf6 12. Qe2 d6 13. Nc2 Qe8 14. e4 fxe4 15. fxe4 e5 16. d5 Nh5 17. Rxf8+ Kxf8 18. g3 Nd7 19. Ne3 Ndf6 20. Nf5 Rd8 21. Bd2 Bc8 22. Rf1 g6 23. Bh6+ Kg8 24. Ne3 Bh3 25. Rf2 Qd7 26. Qf3 Bg4 27. Nxg4 Qxg4 28. Qe3 Qd7 29. Qf3 Qg4 30. Qe3 Qd7 31. Qf3 Qg4 1/2-1/2

[Event "BL 2324 Hamburger SK - SV Werder Bremen"]
[Site "?"]
[Date "2024.01.13"]
[Round "5.1"]
[White "Shevchenko, Kirill"]
[Black "Grandelius, Nils"]
[Result "1-0"]
[WhiteElo "2651"]
[BlackElo "2673"]
[PlyCount "97"]
[EventDate "2024.??.??"]

1. e4 e5 2. Nf3 Nc6 3. Bc4 Nf6 4. d3 h6 5. a4 Bc5 6. a5 a6 7. O-O O-O 8. c3 d6 9. Be3 Bxe3 10. fxe3 Be6 11. Bxe6 fxe6 12. Nbd2 d5 13. Qc2 Qd6 14. b4 Rad8 15. Rad1 dxe4 16. Nxe4 Nxe4 17. dxe4 Qe7 18. Qa2 Rxd1 19. Rxd1 Kh7 20. Qc4 Rd8 21. Rc1 Qd6 22. h3 Rf8 23. Qe2 Rd8 24. Kf2 Qe7 25. Rb1 Rf8 26. Kg1 Rd8 27. Rb2 Rd6 28. Qc2 Qd8 29. Rb1 Rd3 30. Kf2 Rd6 31. Ke2 Qf6 32. c4 Rd8 33. Kf2 Ne7 34. Qc3 Ng6 35. Kg1 Qe7 36. c5 c6 37. Rf1 Rf8 38. Rf2 Qd8 39. Rd2 Qf6 40. Rd1 Rd8 41. Rd6 Rf8 42. Qe1 Nh8 43. Qh4 Qxh4 44. Nxh4 Nf7 45. Rxe6 Rd8 46. Re7 Ng5 47. Nf5 Nxe4 48. Rxg7+ Kh8 49. Rxb7 1-0

[Event "BL 2324 Hamburger SK - SV Werder Bremen"]
[Site "?"]
[Date "2024.01.13"]
[Round "5.2"]
[White "Svane, Rasmus"]
[Black "McShane, Luke J"]
[Result "0-1"]
[WhiteElo "2637"]
[BlackElo "2618"]
[PlyCount "104"]
[EventDate "2024.??.??"]

1. d4 Nf6 2. c4 e6 3. Nf3 b6 4. g3 Bb7 5. Bg2 Be7 6. O-O O-O 7. Re1 Na6 8. Nc3 Ne4 9. Bf4 Nxc3 10. bxc3 Be4 11. a4 c5 12. d5 Bf6 13. Qd2 exd5 14. cxd5 Re8 15. Rad1 d6 16. Bf1 h6 17. h4 Nc7 18. c4 Na6 19. Nh2 Nb4 20. Rc1 g5 21. hxg5 hxg5 22. Be3 Bf5 23. Bg2 a6 24. Bf3 b5 25. a5 Rxe3 26. Qxe3 Nc2 27. Rxc2 Bxc2 28. Be4 Bd4 29. Qf3 Qxa5 30. Rf1 Qa2 31. Ng4 Bg7 32. Qf5 Bxe4 33. Qxe4 Qxc4 34. Qf5 Qxe2 35. Qxg5 Kf8 36. Ne3 Re8 37. Nf5 Qe5 38. Kg2 Qf6 39. Qf4 Qe5 40. Qg5 Qf6 41. Qf4 b4 42. Rh1 b3 43. Qg4 b2 44. Nxg7 Qxg7 45. Qf4 Qg6 46. Rh8+ Kg7 47. Rxe8 b1=Q 48. Qh4 Qh7 49. Qg5+ Qbg6 50. Qe7 Qgh5 51. Qf8+ Kg6 52. Qxd6+ f6 0-1

[Event "BL 2324 Hamburger SK - SV Werder Bremen"]
[Site "?"]
[Date "2024.01.13"]
[Round "5.3"]
[White "Efimenko, Zahar"]
[Black "Svane, Frederik"]
[Result "1-0"]
[WhiteElo "2566"]
[BlackElo "2625"]
[PlyCount "73"]
[EventDate "2024.??.??"]

1. e4 c5 2. Nf3 d6 3. Bb5+ Bd7 4. c4 Nf6 5. Nc3 g6 6. d4 cxd4 7. Nxd4 Nc6 8. f3 Bg7 9. Be3 O-O 10. O-O Rc8 11. Rc1 Nxd4 12. Bxd4 a6 13. Bxd7 Qxd7 14. Qd3 e6 15. Rfd1 Rc6 16. b3 Rfc8 17. a4 Qd8 18. Kh1 Qa5 19. Rb1 Nd7 20. Bxg7 Kxg7 21. Ne2 Nf6 22. Nd4 Rb6 23. Qe3 Qc5 24. Qd2 a5 25. Nb5 Ra8 26. Nxd6 Kg8 27. Qf4 Rf8 28. e5 Nh5 29. Qd4 Qxd4 30. Rxd4 Rd8 31. c5 Rc6 32. g4 Ng7 33. Rbd1 Rb8 34. Ne4 Ne8 35. Rd8 Rcc8 36. Rxc8 Rxc8 37. Rd7 1-0

[Event "BL 2324 Hamburger SK - SV Werder Bremen"]
[Site "?"]
[Date "2024.01.13"]
[Round "5.4"]
[White "Engel, Luis"]
[Black "Cheng, Bobby"]
[Result "0-1"]
[WhiteElo "2556"]
[BlackElo "2571"]
[PlyCount "64"]
[EventDate "2024.??.??"]

1. e4 e6 2. d4 d5 3. Nd2 c5 4. exd5 Qxd5 5. Ngf3 cxd4 6. Bc4 Qd7 7. O-O Nc6 8. Nb3 Nf6 9. Nbxd4 Nxd4 10. Nxd4 a6 11. Re1 b5 12. Bb3 Bb7 13. Bg5 Ne4 14. Bh4 g5 15. Bg3 Nxg3 16. Nxe6 fxe6 17. Qg4 h5 18. Qxg3 Rh6 19. Rad1 Qe7 20. Re5 g4 21. Qe3 Kf7 22. Rf5+ Kg8 23. Qf4 Bg7 24. Re1 Re8 25. Kf1 Bc8 26. Ree5 Rf8 27. Rxf8+ Qxf8 28. Rf5 Qd8 29. Ke2 Rf6 30. Qg5 Qf8 31. Rxf6 Qxf6 32. Qxh5 Qe5+ 0-1

[Event "BL 2324 Hamburger SK - SV Werder Bremen"]
[Site "?"]
[Date "2024.01.13"]
[Round "5.5"]
[White "Hracek, Zbynek"]
[Black "Lampert, Jonas"]
[Result "1/2-1/2"]
[WhiteElo "2549"]
[BlackElo "2525"]
[PlyCount "68"]
[EventDate "2024.??.??"]

1. e4 e5 2. Nf3 Nc6 3. Bb5 a6 4. Ba4 Nf6 5. O-O Bc5 6. c3 b5 7. Bb3 d6 8. d4 Ba7 9. Be3 O-O 10. Nbd2 h6 11. h3 Bb7 12. Qb1 Re8 13. d5 Nb8 14. Bxa7 Rxa7 15. a4 Ra8 16. axb5 axb5 17. Rxa8 Bxa8 18. Qd3 c6 19. Ra1 Bb7 20. dxc6 Bxc6 21. c4 b4 22. Ba4 Qd7 23. Qb3 Na6 24. Bxc6 Qxc6 25. Qa4 Qxa4 26. Rxa4 Nc5 27. Rxb4 Ra8 28. g3 Nfxe4 29. Rb6 Ra1+ 30. Kg2 Rc1 31. Rb8+ Kh7 32. b4 Nxd2 33. Nxd2 Nd3 34. Ne4 Rxc4 1/2-1/2

[Event "BL 2324 Hamburger SK - SV Werder Bremen"]
[Site "?"]
[Date "2024.01.13"]
[Round "5.6"]
[White "Lubbe, Nikolas"]
[Black "Babula, Vlastimil"]
[Result "1-0"]
[WhiteElo "2500"]
[BlackElo "2535"]
[PlyCount "109"]
[EventDate "2024.??.??"]

1. d4 Nf6 2. Nf3 e6 3. c4 b6 4. e3 Bb7 5. Bd3 d5 6. b3 Bd6 7. O-O O-O 8. cxd5 exd5 9. Ba3 c5 10. Nc3 Re8 11. Rc1 Nbd7 12. Qe2 Ne4 13. Bb2 Re6 14. Ba6 Bxa6 15. Qxa6 cxd4 16. exd4 Bf4 17. Rc2 Rc8 18. Qd3 Nxc3 19. Rxc3 Rxc3 20. Bxc3 g6 21. g3 Bh6 22. Ne5 Bg7 23. f4 Re8 24. Bb2 Nxe5 25. dxe5 Qd7 26. Rd1 Rd8 27. Kg2 Qc6 28. Rd2 f6 29. exf6 Bxf6 30. Re2 Qd6 31. Bxf6 Qxf6 32. Re5 d4 33. Qc4+ Qf7 34. Qxf7+ Kxf7 35. Re2 h6 36. Kf3 g5 37. Rd2 Kf6 38. h3 h5 39. fxg5+ Kxg5 40. Ke4 Re8+ 41. Kxd4 Re1 42. Kc4 Re3 43. Rd5+ Kg6 44. Rd3 b5+ 45. Kc3 b4+ 46. Kc4 Re2 47. Rd6+ Kg5 48. Ra6 Rh2 49. Ra5+ Kg6 50. h4 Rg2 51. Rg5+ Kh6 52. Kxb4 Rxa2 53. Ra5 Rg2 54. Ra6+ Kg7 55. Rxa7+ 1-0

[Event "BL 2324 Hamburger SK - SV Werder Bremen"]
[Site "?"]
[Date "2024.01.13"]
[Round "5.7"]
[White "Wachinger, Nikolas"]
[Black "Kramer, Julian"]
[Result "1/2-1/2"]
[WhiteElo "2437"]
[BlackElo "2470"]
[PlyCount "74"]
[EventDate "2024.??.??"]

1. e4 e6 2. d4 d5 3. Nc3 Nf6 4. Bg5 h6 5. Bxf6 Qxf6 6. a3 c6 7. Nf3 Qd8 8. Bd3 Nd7 9. O-O Be7 10. Qd2 O-O 11. Rae1 a5 12. Qf4 b6 13. Re3 dxe4 14. Qxe4 Nf6 15. Qxc6 Bd7 16. Qc4 b5 17. Nxb5 Nd5 18. Ree1 Bxb5 19. Qxb5 Rb8 20. Qc6 Rb6 21. Qc4 Rxb2 22. Be4 Bxa3 23. Ne5 Bd6 24. Ra1 Rb4 25. Qd3 Qc7 26. c4 Bxe5 27. dxe5 Rxc4 28. Bxd5 exd5 29. Qxd5 Rc5 30. Qd6 Qxd6 31. exd6 Ra8 32. Rfd1 Kf8 33. d7 Rd8 34. Rd4 Rc7 35. g3 Rcxd7 36. Rxd7 Rxd7 37. Rxa5 g6 1/2-1/2

[Event "BL 2324 Hamburger SK - SV Werder Bremen"]
[Site "?"]
[Date "2024.01.13"]
[Round "5.8"]
[White "Woelk, Tom-Frederic"]
[Black "Colbow, Collin"]
[Result "1-0"]
[WhiteElo "2393"]
[BlackElo "2385"]
[PlyCount "129"]
[EventDate "2024.??.??"]

1. e4 c5 2. Nf3 d6 3. d4 cxd4 4. Nxd4 Nf6 5. Nc3 Nc6 6. Bg5 e6 7. Qd2 a6 8. O-O-O Bd7 9. Kb1 Be7 10. f3 Nxd4 11. Qxd4 Qc7 12. h4 b5 13. Qd2 b4 14. Ne2 a5 15. g4 Rb8 16. Be3 a4 17. g5 Nh5 18. Rc1 e5 19. c4 O-O 20. Bh3 Bxh3 21. Rxh3 Qd7 22. Rh2 f5 23. c5 Qc6 24. cxd6 Qxd6 25. Qxd6 Bxd6 26. Rc6 Rbd8 27. Rh1 fxe4 28. fxe4 Rf7 29. Rd1 Rfd7 30. Rd5 Bf8 31. Rxe5 Rd1+ 32. Rc1 R8d3 33. Rxd1 Rxd1+ 34. Kc2 Re1 35. Kd3 Rd1+ 36. Bd2 Rh1 37. Ra5 Rh3+ 38. Be3 a3 39. bxa3 bxa3 40. e5 Kf7 41. Nd4 Nf4+ 42. Ke4 Ng2 43. Bf2 Nxh4 44. Ra7+ Kg8 45. Bxh4 Rxh4+ 46. Kd5 Rh2 47. Ra8 g6 48. Ne6 Rd2+ 49. Ke4 Kf7 50. Nxf8 Re2+ 51. Kf4 Rf2+ 52. Kg3 Rxa2 53. Nxh7 Ke6 54. Ra5 Kf5 55. e6+ Kxe6 56. Nf8+ Kf7 57. Nd7 Ke6 58. Ne5 Ra1 59. Nxg6 a2 60. Nf4+ Ke7 61. Kg2 Kf7 62. Ra7+ Kg8 63. g6 Kf8 64. Ne6+ Kg8 65. Ra8# 1-0

[Event "BL 2324 SK Doppelbauer Turm Kiel - SK Ki"]
[Site "?"]
[Date "2024.01.13"]
[Round "5.1"]
[White "Kadric, Denis"]
[Black "Cheparinov, Ivan"]
[Result "1/2-1/2"]
[WhiteElo "2584"]
[BlackElo "2638"]
[PlyCount "60"]
[EventDate "2024.??.??"]

1. e4 e6 2. d4 d5 3. Nd2 c5 4. exd5 Qxd5 5. dxc5 Nf6 6. Ngf3 Qxc5 7. Bd3 Nbd7 8. O-O Qc7 9. a4 Nc5 10. Bc4 Be7 11. a5 O-O 12. Qe2 a6 13. Nb3 Nxb3 14. Bxb3 b5 15. axb6 Qxb6 16. Be3 Bc5 17. Bxc5 Qxc5 18. Qe5 Qb6 19. Qa5 Rb8 20. Qxb6 Rxb6 21. Rfd1 Bb7 22. Ne5 Bd5 23. Bxd5 exd5 24. Nd3 Rc8 25. c3 Rc4 26. Nb4 h6 27. Nxd5 Nxd5 28. Rxd5 Rxb2 29. Rda5 Rxc3 30. Rxa6 Rbc2 1/2-1/2

[Event "BL 2324 SK Doppelbauer Turm Kiel - SK Ki"]
[Site "?"]
[Date "2024.01.13"]
[Round "5.2"]
[White "Bjerre, Jonas Buhl"]
[Black "Brkic, Ante"]
[Result "1/2-1/2"]
[WhiteElo "2641"]
[BlackElo "2638"]
[PlyCount "59"]
[EventDate "2024.??.??"]

1. e4 c5 2. Nf3 d6 3. d4 cxd4 4. Nxd4 Nf6 5. Nc3 a6 6. Be2 e5 7. Nf3 Be7 8. Bg5 Be6 9. Bxf6 Bxf6 10. O-O O-O 11. Qd2 Be7 12. Nd5 Nd7 13. Nxe7+ Qxe7 14. Rfd1 Rac8 15. Ng5 Nf6 16. c3 Rc6 17. Nxe6 Qxe6 18. Bd3 g6 19. Bc2 Qc4 20. Qe3 Kg7 21. a4 Rd8 22. a5 d5 23. exd5 Rxd5 24. Rxd5 Qxd5 25. h3 h5 26. Bd1 Rd6 27. Bf3 Qb3 28. Qxe5 Qxb2 29. Qe1 Re6 30. Qc1 1/2-1/2

[Event "BL 2324 SK Doppelbauer Turm Kiel - SK Ki"]
[Site "?"]
[Date "2024.01.13"]
[Round "5.3"]
[White "Predojevic, Borki"]
[Black "Yuffa, Daniil"]
[Result "1/2-1/2"]
[WhiteElo "2562"]
[BlackElo "2601"]
[PlyCount "41"]
[EventDate "2024.??.??"]

1. e4 c5 2. Nf3 d6 3. Bb5+ Nd7 4. O-O a6 5. Bd3 Ngf6 6. Re1 g6 7. c3 Bg7 8. Bc2 O-O 9. d4 e5 10. dxe5 Nxe5 11. Bf4 Qe7 12. Nbd2 b5 13. a4 Bb7 14. Qe2 Bc6 15. Nxe5 dxe5 16. Be3 c4 17. axb5 axb5 18. f3 Nh5 19. g3 Bf6 20. b3 cxb3 21. Bxb3 1/2-1/2

[Event "BL 2324 SK Doppelbauer Turm Kiel - SK Ki"]
[Site "?"]
[Date "2024.01.13"]
[Round "5.4"]
[White "Teclaf, Pawel"]
[Black "Markus, Robert"]
[Result "1/2-1/2"]
[WhiteElo "2563"]
[BlackElo "2596"]
[PlyCount "61"]
[EventDate "2024.??.??"]

1. e4 Nf6 2. e5 Nd5 3. d4 d6 4. Nf3 dxe5 5. Nxe5 c6 6. Be2 Bf5 7. O-O Nd7 8. Nf3 e6 9. c4 N5f6 10. Nc3 Bd6 11. Nh4 Bg6 12. g3 O-O 13. Bf3 Re8 14. Nxg6 hxg6 15. Bg2 Qc7 16. Be3 a6 17. a3 e5 18. d5 e4 19. dxc6 Qxc6 20. Rc1 Ne5 21. Bg5 Nf3+ 22. Bxf3 exf3 23. Bxf6 gxf6 24. Nd5 Re2 25. b4 Kg7 26. Qd3 Be5 27. Qxf3 Ra2 28. Rfe1 Rd8 29. Rcd1 Rd7 30. Kg2 Qxc4 31. Rxe5 1/2-1/2

[Event "BL 2324 SK Doppelbauer Turm Kiel - SK Ki"]
[Site "?"]
[Date "2024.01.13"]
[Round "5.5"]
[White "Stevic, Hrvoje"]
[Black "Gavrilescu, David"]
[Result "1/2-1/2"]
[WhiteElo "2542"]
[BlackElo "2523"]
[PlyCount "45"]
[EventDate "2024.??.??"]

1. e4 c5 2. c3 Nf6 3. e5 Nd5 4. Nf3 e6 5. d4 cxd4 6. cxd4 d6 7. Bc4 Be7 8. O-O O-O 9. Qe2 dxe5 10. dxe5 Bd7 11. Bxd5 exd5 12. Nc3 Be6 13. Be3 Nc6 14. Rad1 Qd7 15. h3 f6 16. exf6 Bxf6 17. Ne4 Rae8 18. Nc5 Qf7 19. Nxe6 Rxe6 20. Qb5 d4 21. Nxd4 Bxd4 22. Bxd4 Nxd4 23. Rxd4 1/2-1/2

[Event "BL 2324 SK Doppelbauer Turm Kiel - SK Ki"]
[Site "?"]
[Date "2024.01.13"]
[Round "5.6"]
[White "Thybo, Jesper Sondergaard"]
[Black "Jovanovic, Zoran"]
[Result "1/2-1/2"]
[WhiteElo "2533"]
[BlackElo "2525"]
[PlyCount "61"]
[EventDate "2024.??.??"]

1. d4 d6 2. Nf3 g6 3. c4 Bg7 4. Nc3 Nf6 5. e4 Bg4 6. Be2 Bxf3 7. Bxf3 e5 8. Bg5 h6 9. Be3 Nc6 10. d5 Nd4 11. Bxd4 exd4 12. Qxd4 O-O 13. O-O Nd7 14. Qd2 Qf6 15. Rae1 Rae8 16. Bd1 Re7 17. Bc2 Qd4 18. Qxd4 Bxd4 19. Rd1 Bg7 20. f3 Nc5 21. Rd2 Bxc3 22. bxc3 Kg7 23. Kf2 Rfe8 24. g4 Rh8 25. h4 g5 26. Ke3 Nd7 27. Rh2 Ne5 28. Bd3 Ng6 29. hxg5 hxg5 30. Rxh8 Kxh8 31. Rh1+ 1/2-1/2

[Event "BL 2324 SK Doppelbauer Turm Kiel - SK Ki"]
[Site "?"]
[Date "2024.01.13"]
[Round "5.7"]
[White "Kovacevic, Aleksandar"]
[Black "Fromm, Marius"]
[Result "1/2-1/2"]
[WhiteElo "2453"]
[BlackElo "2435"]
[PlyCount "114"]
[EventDate "2024.??.??"]

1. e4 c5 2. Nf3 e6 3. c3 d5 4. exd5 Qxd5 5. d4 Nf6 6. Na3 Nc6 7. Be3 cxd4 8. Nb5 Qd7 9. Nbxd4 Nd5 10. Bd2 Be7 11. Nxc6 bxc6 12. Qc2 Bb7 13. Rd1 Rd8 14. Be2 Qc7 15. O-O O-O 16. Bg5 c5 17. Bd3 h6 18. Bxe7 Qxe7 19. Bh7+ Kh8 20. Be4 Nf6 21. Bxb7 Qxb7 22. c4 Kg8 23. b3 a5 24. Rxd8 Rxd8 25. Rd1 Qc7 26. Rxd8+ Qxd8 27. Kf1 Kf8 28. Ke2 Qc7 29. Qc3 Nd7 30. h4 Kg8 31. Qe3 Qc6 32. Qd3 a4 33. Nd2 axb3 34. axb3 Ne5 35. Qd8+ Kh7 36. f3 Ng6 37. Ne4 f5 38. Nd2 Qa6 39. g3 Qc6 40. Qb8 Nh8 41. b4 cxb4 42. Qxb4 Nf7 43. c5 Ne5 44. Qb6 Qe8 45. Ke3 Qg6 46. Kf2 f4 47. gxf4 Nd3+ 48. Ke3 Nxc5 49. Qd6 Qf5 50. Nf1 Qh5 51. Ke2 Na4 52. Qb4 Qe8 53. Ng3 Kg8 54. Ne4 Qc6 55. Qb8+ Kh7 56. Qb1 Kg8 57. Qb8+ Kh7 1/2-1/2

[Event "BL 2324 SK Doppelbauer Turm Kiel - SK Ki"]
[Site "?"]
[Date "2024.01.13"]
[Round "5.8"]
[White "Pajeken, Jakob Leon"]
[Black "Zelcic, Robert"]
[Result "1/2-1/2"]
[WhiteElo "2426"]
[BlackElo "2480"]
[PlyCount "99"]
[EventDate "2024.??.??"]

1. e4 c6 2. Nf3 d5 3. Nc3 Bg4 4. h3 Bxf3 5. Qxf3 e6 6. Be2 Nf6 7. O-O Bc5 8. d3 O-O 9. Rd1 d4 10. Nb1 Bd6 11. c3 c5 12. Bg5 Nbd7 13. Na3 h6 14. Bxf6 Nxf6 15. Nc4 Bc7 16. a4 Nd7 17. g3 a6 18. a5 Nb8 19. Qh5 Qg5 20. Qxg5 hxg5 21. Rf1 e5 22. Kg2 Nc6 23. Rh1 Bd8 24. Bg4 Bc7 25. Bd7 Ne7 26. Rhd1 Rfd8 27. Ba4 Rab8 28. Kf3 g6 29. Ke2 Kg7 30. Rh1 Nc8 31. Rhc1 b5 32. axb6 Nxb6 33. Nxb6 Rxb6 34. Ra2 Rdb8 35. cxd4 Rxb2+ 36. Rxb2 Rxb2+ 37. Kf3 Rb4 38. Rxc5 Bb6 39. Rc4 Rxc4 40. dxc4 Bxd4 41. Ke2 Kf6 42. f3 Ke6 43. Kd3 Bf2 44. g4 a5 45. Kc3 f5 46. c5 Bxc5 47. Kc4 Bf2 48. Bc2 f4 49. Ba4 Kd6 50. Bc2 1/2-1/2

[Event "BL 2324 SC Heimbach-Weis-Neuwied - SC Vi"]
[Site "?"]
[Date "2024.01.13"]
[Round "5.1"]
[White "Mamedyarov, Shakhriyar"]
[Black "Livaic, Leon"]
[Result "1/2-1/2"]
[WhiteElo "2726"]
[BlackElo "2557"]
[PlyCount "67"]
[EventDate "2024.??.??"]

1. c4 e6 2. Nc3 d5 3. d4 Nf6 4. Bg5 Be7 5. e3 Nbd7 6. Nf3 O-O 7. cxd5 Nxd5 8. Bxe7 Qxe7 9. Rc1 Nxc3 10. Rxc3 c5 11. Bb5 Rd8 12. Bxd7 Qxd7 13. Rxc5 b6 14. Rc3 Ba6 15. Qb3 f6 16. Kd2 Kh8 17. Kc1 Bb7 18. Kb1 e5 19. dxe5 Qf5+ 20. Ka1 Bxf3 21. gxf3 Qxf3 22. Rhc1 fxe5 23. Qb5 Qxf2 24. Qxe5 Re8 25. Qh5 h6 26. Qh3 Rad8 27. a3 Qf7 28. Rc6 Rd5 29. Rc7 Re7 30. R7c4 Rh5 31. Rc8+ Kh7 32. Qg2 Rhe5 33. Rf1 Qd5 34. Qc2+ 1/2-1/2

[Event "BL 2324 SC Heimbach-Weis-Neuwied - SC Vi"]
[Site "?"]
[Date "2024.01.13"]
[Round "5.2"]
[White "Kraemer, Martin"]
[Black "Anton Guijarro, David"]
[Result "1/2-1/2"]
[WhiteElo "2570"]
[BlackElo "2670"]
[PlyCount "178"]
[EventDate "2024.??.??"]

1. e4 c5 2. Nf3 Nc6 3. Bb5 e6 4. Bxc6 bxc6 5. d3 Qc7 6. O-O Ne7 7. Nh4 Ng6 8. Qh5 Nxh4 9. Qxh4 Be7 10. Qh5 O-O 11. c4 d6 12. Nc3 Bf6 13. Qd1 Rb8 14. Qc2 Be5 15. Be3 f5 16. exf5 exf5 17. f4 Bf6 18. Rae1 Re8 19. Bf2 Be6 20. b3 Bf7 21. Qd2 Qa5 22. d4 d5 23. cxd5 Bxd5 24. Rxe8+ Rxe8 25. Rd1 c4 26. bxc4 Bxc4 27. Ne4 Qxa2 28. Nxf6+ gxf6 29. d5 Qxd2 30. Rxd2 Bxd5 31. Bxa7 Re4 32. g3 Kf7 33. Kf2 Rc4 34. Bd4 Be4 35. Be3 c5 36. Rd1 Rc2+ 37. Rd2 Rc4 38. Rd1 Kg6 39. Rc1 Rb4 40. Rxc5 Rb2+ 41. Ke1 Rxh2 42. Rc7 Bf3 43. Bc5 Re2+ 44. Kf1 Re8 45. Kf2 Be4 46. Rd7 Rc8 47. Bd4 Rc2+ 48. Ke1 Rc1+ 49. Ke2 Rc6 50. Ke1 Ra6 51. Bc5 Ra8 52. Kf2 Rb8 53. Ke1 h6 54. Kf2 Ra8 55. Ke1 Rc8 56. Bd4 Rc1+ 57. Ke2 Rc2+ 58. Ke1 Rg2 59. Bf2 Rh2 60. Bc5 Bc6 61. Rd6 Be4 62. Rd7 Rg2 63. Bf8 Kh5 64. Rg7 Bd3 65. Bc5 Re2+ 66. Kd1 Re6 67. Kd2 Bb5 68. Be3 Re8 69. Bd4 Re6 70. Be3 Re4 71. Bc5 Re2+ 72. Kd1 Re6 73. Kd2 Bc6 74. Re7 Rxe7 75. Bxe7 Kg4 76. Ke2 Kxg3 77. Kf1 h5 78. Bxf6 h4 79. Bc3 h3 80. Be1+ Kxf4 81. Kg1 Kg4 82. Bf2 f4 83. Be1 Kf3 84. Bb4 Bd7 85. Bc5 Ke2 86. Bb6 f3 87. Bc5 f2+ 88. Bxf2 h2+ 89. Kxh2 Kxf2 1/2-1/2

[Event "BL 2324 SC Heimbach-Weis-Neuwied - SC Vi"]
[Site "?"]
[Date "2024.01.13"]
[Round "5.3"]
[White "Kryvoruchko, Yuriy"]
[Black "Krejci, Jan"]
[Result "1-0"]
[WhiteElo "2650"]
[BlackElo "2530"]
[PlyCount "91"]
[EventDate "2024.??.??"]

1. e4 e5 2. Nf3 Nc6 3. Bb5 a6 4. Ba4 Nf6 5. O-O Be7 6. Re1 b5 7. Bb3 d6 8. c3 O-O 9. h3 Na5 10. Bc2 c5 11. d4 Qc7 12. d5 Bd7 13. b3 Nb7 14. c4 Ne8 15. Nc3 g6 16. g4 Ng7 17. Kh2 f6 18. Rg1 Nd8 19. Be3 Nf7 20. Ne2 Rab8 21. Bd3 Kh8 22. Qc2 Qc8 23. Ng3 Ng5 24. Nxg5 fxg5 25. Nf1 h6 26. Nd2 Bd8 27. cxb5 axb5 28. a4 Ba5 29. axb5 Bxd2 30. Qxd2 Bxb5 31. Bc2 Bd7 32. Ra7 Ne8 33. Qa5 Rb7 34. Ra8 Rb8 35. Ra7 Rb7 36. Ra8 Rb8 37. Rxb8 Qxb8 38. Ra1 Nc7 39. Qa7 Qd8 40. Qb7 Bc8 41. Qb6 Rf7 42. Kg1 Kg7 43. Bd3 Rd7 44. Ra7 Kf8 45. Qb8 Ne8 46. Ra8 1-0

[Event "BL 2324 SC Heimbach-Weis-Neuwied - SC Vi"]
[Site "?"]
[Date "2024.01.13"]
[Round "5.4"]
[White "Polak, Tomas"]
[Black "Amin, Bassem"]
[Result "0-1"]
[WhiteElo "2525"]
[BlackElo "2661"]
[PlyCount "124"]
[EventDate "2024.??.??"]

1. Nf3 Nf6 2. c4 g6 3. Nc3 Bg7 4. e4 d6 5. d4 O-O 6. Be2 e5 7. Be3 Nbd7 8. O-O Qe7 9. Qc2 h6 10. dxe5 dxe5 11. Nd5 Qd8 12. h3 Nh5 13. Rfd1 c6 14. Nc3 Nf4 15. c5 Nxe2+ 16. Qxe2 Qe7 17. Rd6 Nf6 18. Rad1 Ne8 19. Rd8 Nc7 20. Rxf8+ Qxf8 21. Rd6 Be6 22. a3 Kh7 23. b4 Qe8 24. Bc1 a5 25. Kh2 axb4 26. axb4 f6 27. Qb2 Bf8 28. Rd3 Qb8 29. Be3 Qe8 30. Nd2 Na6 31. Na4 Rd8 32. Rxd8 Qxd8 33. b5 cxb5 34. Qxb5 Qd7 35. Qb6 Be7 36. Nb3 Bf7 37. Na5 Qxa4 38. Qxb7 Qxa5 39. Qxe7 Qc7 40. Qxf6 Bc4 41. f3 h5 42. Qf8 Qf7 43. Qd8 Nb4 44. Qd6 Qe8 45. Bg5 Nc6 46. Bf6 Bf7 47. Kg3 Qe6 48. Kh4 Qxd6 49. cxd6 Be6 50. Kg5 Bd7 51. Kh4 Kg8 52. g4 Kf7 53. Bh8 hxg4 54. fxg4 Nd4 55. Kg5 Nf3+ 56. Kh6 g5 57. Bxe5 Nxe5 58. Kxg5 Ke6 59. Kh6 Kxd6 60. Kg7 Ke7 61. g5 Bxh3 62. g6 Bg2 0-1

[Event "BL 2324 SC Heimbach-Weis-Neuwied - SC Vi"]
[Site "?"]
[Date "2024.01.13"]
[Round "5.5"]
[White "Meier, Georg"]
[Black "Kraus, Tomas"]
[Result "1/2-1/2"]
[WhiteElo "2620"]
[BlackElo "2484"]
[PlyCount "56"]
[EventDate "2024.??.??"]

1. Nf3 d5 2. g3 Nd7 3. d4 Nb6 4. Nbd2 Bf5 5. Nh4 e6 6. Nxf5 exf5 7. Bg2 c6 8. O-O Nf6 9. b3 Be7 10. c4 O-O 11. e3 a5 12. a4 Re8 13. Qe2 g6 14. Bb2 Ne4 15. Rfc1 h5 16. h4 Bf6 17. Rc2 Qe7 18. Ba3 Qe6 19. Nxe4 fxe4 20. Bc5 Nd7 21. cxd5 Qxd5 22. Rb1 Be7 23. b4 axb4 24. Bxe7 Rxe7 25. Rxb4 Ra7 26. Rcb2 Nf6 27. Qc2 Ne8 28. Bf1 Nd6 1/2-1/2

[Event "BL 2324 SC Heimbach-Weis-Neuwied - SC Vi"]
[Site "?"]
[Date "2024.01.13"]
[Round "5.6"]
[White "Ferreira, Jorge Viterbo"]
[Black "Wagner, Dennis"]
[Result "1/2-1/2"]
[WhiteElo "2523"]
[BlackElo "2611"]
[PlyCount "41"]
[EventDate "2024.??.??"]

1. d4 Nf6 2. c4 e6 3. Nf3 d5 4. cxd5 exd5 5. Qc2 c6 6. Nc3 Be7 7. Bg5 g6 8. e3 Bf5 9. Bd3 Bxd3 10. Qxd3 Nbd7 11. Bh6 Ng4 12. Bf4 Ngf6 13. h3 O-O 14. O-O Re8 15. Rac1 Bf8 16. Qc2 Ne4 17. Nxe4 Rxe4 18. Rfd1 Re8 19. Ne1 a5 20. a4 Qb6 21. Bg5 1/2-1/2

[Event "BL 2324 SC Heimbach-Weis-Neuwied - SC Vi"]
[Site "?"]
[Date "2024.01.13"]
[Round "5.7"]
[White "Braun, Arik"]
[Black "Ronge, Tim"]
[Result "1-0"]
[WhiteElo "2593"]
[BlackElo "2312"]
[PlyCount "79"]
[EventDate "2024.??.??"]

1. c4 e6 2. Nc3 d5 3. cxd5 exd5 4. d4 h6 5. Bf4 Nf6 6. e3 Bd6 7. Bxd6 Qxd6 8. Bd3 O-O 9. Qc2 Nc6 10. a3 Re8 11. Nge2 Bg4 12. Rc1 Bxe2 13. Nxe2 a6 14. O-O Rac8 15. Bf5 Rcd8 16. g3 Ne7 17. Bh3 c6 18. Nf4 Ne4 19. Nd3 Ng6 20. b4 h5 21. Nc5 Re7 22. Bf5 Rde8 23. a4 Qf6 24. Bxg6 Qxg6 25. b5 axb5 26. axb5 cxb5 27. Nxe4 Rxe4 28. Rb1 h4 29. Rxb5 Qe6 30. Qb3 Rd8 31. Rxb7 Rd6 32. Ra1 Ra6 33. Rxa6 Qxa6 34. Rb8+ Kh7 35. Qd1 g6 36. Kg2 Kg7 37. g4 f5 38. gxf5 gxf5 39. Qh5 Rg4+ 40. Kf3 1-0

[Event "BL 2324 SC Heimbach-Weis-Neuwied - SC Vi"]
[Site "?"]
[Date "2024.01.13"]
[Round "5.8"]
[White "Puth, Dieter"]
[Black "Maze, Sebastien"]
[Result "0-1"]
[WhiteElo "2152"]
[BlackElo "2548"]
[PlyCount "58"]
[EventDate "2024.??.??"]

1. d4 Nf6 2. c4 e6 3. Nf3 b6 4. g3 Ba6 5. b3 Bb4+ 6. Bd2 Be7 7. Nc3 d5 8. Bg2 O-O 9. cxd5 exd5 10. Ne5 Bb7 11. O-O Nbd7 12. f4 c5 13. e3 Rc8 14. Rc1 a6 15. g4 Ne4 16. Nxe4 dxe4 17. Bc3 cxd4 18. Nxd7 Qxd7 19. Qxd4 Qxg4 20. Qxb6 Bc5 21. Qxb7 Bxe3+ 22. Kh1 Bxc1 23. Bb4 Rfd8 24. Qxe4 Rd1 25. h3 Rxf1+ 26. Bxf1 Qxf4 27. Qe1 Be3 28. Ba3 Rc2 29. Bg2 Qf2 0-1

[Event "BL 2324 SC Remagen Sinzig - Schachfreund"]
[Site "?"]
[Date "2024.01.13"]
[Round "5.1"]
[White "Bluebaum, Matthias"]
[Black "Pavlidis, Antonios"]
[Result "1-0"]
[WhiteElo "2655"]
[BlackElo "2565"]
[PlyCount "77"]
[EventDate "2024.??.??"]

1. d4 d5 2. c4 c6 3. Nc3 Nf6 4. Nf3 e6 5. e3 Nbd7 6. Be2 Bd6 7. O-O O-O 8. Qc2 e5 9. cxd5 cxd5 10. Nb5 Bb8 11. dxe5 Nxe5 12. Nxe5 Bxe5 13. Bd2 a6 14. Bc3 Bb8 15. Nd4 Ne4 16. Rac1 Re8 17. Nf3 Nxc3 18. Qxc3 Be6 19. Rfd1 Ba7 20. Qc7 Rb8 21. Bxa6 bxa6 22. Qxa7 Rxb2 23. Qxa6 Qa8 24. Qd6 Rxa2 25. Nd4 Ra6 26. Qf4 h6 27. h3 Bd7 28. Qc7 Ra7 29. Qd6 Rd8 30. Qg3 Ra6 31. Rc7 Rg6 32. Qh4 Rf6 33. Rb1 Qa5 34. Rbc1 Kh7 35. Nf3 Kg8 36. Ne5 Qa4 37. Rxd7 Qxh4 38. Rxd8+ Kh7 39. Rcc8 {Kg8 Rc1+ Kh7 Rcc8} 1-0